000 00476nam a2200181Ia 4500
003 GCL
008 140319s9999 xx 000 0 eng d
040 _aGCL /
_cGCL
082 0 4 _a338.477
_bN P
100 1 _aHEGUS, KEITH
245 1 0 _aPRODUCING POP, CULTURE AND CONFLICT IN THE POPULAR MUSIC INDUSTRY /
_cHEGUS, KEITH
260 _a[S.N] :
_bEDWARD ARNOLD ،
_c1992
300 _a175 P
650 0 4 _aCULTURE
650 0 4 _aMUSIC
650 0 4 _aINDUSTRY
942 _2ddc
_cBK
999 _c19199
_d19199